Instrumental'nyje sredstva programmirovanija na jazyke Pascal

Saved in:
Bibliographic Details
Format: Book
Language:Russian
Published: Moskva Radijo i svjaz' 1985
Edition:1. izd.
Tags: Add Tag
No Tags, Be the first to tag this record!

MARC

LEADER 00000nam a2200000 4500
001 c040011
005 20250219073723.8
041 0 |a rus 
044 |a RU 
245 1 0 |a Instrumental'nyje sredstva programmirovanija na jazyke Pascal  |c Brian W. Kernighan ; [Z angl. prel.] V.A. Volynski 
250 |a 1. izd. 
264 1 |a Moskva  |b Radijo i svjaz'  |c 1985 
300 |a 311 s.